000 00316nam a22001337a 4500
008 170213b xxu||||| |||| 00| 0 eng d
020 _a9780766825161
041 _aeng
080 _22ND
_a61
100 _a4
101 _aSHM
245 _aINFORMATION MANAGEMENT FOR HEALTH PROFESSIONS
_cJOHNS, M.L
942 _2udc
_cBK
999 _c5275
_d5275